| 000 | 01051nam a2200301 i 4500 | ||
|---|---|---|---|
| 003 | EG-GICUC | ||
| 005 | 20260219095026.0 | ||
| 008 | 260219s1873 ge ||||fr|||| 00| 0 fre d | ||
| 040 |
_aEG-GiCUC _bfre _cEG-GiCUC _dEG-GiCUC _eRda |
||
| 082 | 0 | 4 |
_221 _a341 _bWH . C |
| 092 | 0 | 4 | _221 |
| 099 | _aLaw1 11 341 WH . C 1873 | ||
| 100 | 1 |
_aWheaton, Henry _eAuteur |
|
| 245 | 1 | 0 |
_aCommentaire Sur Les Éléments Du Droit International Et Sur L'histoire Des Progres Du Droit Des Gens. _nTome Troisième / _b _cHenry Wheaton, William Beach Lawrence. |
| 264 | 1 |
_aLeipzig : _bF. A. Brockhaus, _c1873. |
|
| 300 |
_a473page : _billustration ; _c 24 cm. |
||
| 336 |
_2rda contenu _a texte |
||
| 337 |
_2rda medias _aOrdinateur |
||
| 338 |
_2 transporteur rda _a Ressource en ligne |
||
| 504 | _a | ||
| 546 | _aTexte en français | ||
| 650 | 1 | 4 |
_aDroit international public _2 |
| 651 | 1 | _2 | |
| 700 | 1 |
_aLawrence, William Beach _eCo-Auteur |
|
| 856 | 4 | 0 | _uhttps://fll.law.cu.edu.eg/fulltext/bks/B11-07067.pdf |
| 905 | _a50 | ||
| 942 |
_2ddc _cBK _e21 _n0 |
||
| 999 |
_c63796 _d63796 |
||